[Event "Norberto La Porta Cup"]
[Site "Buenos Aires ARG"]
[Date "2019.03.25"]
[Round "5.30"]
[White "Cheb Terrab, Alejandro"]
[Black "Sasson, Maximiliano"]
[Result "1/2-1/2"]
[WhiteElo "2021"]
[BlackElo "2118"]
[PlyCount "131"]
[EventDate "2019.03.20"]
[EventType "swiss"]
[EventRounds "9"]
[EventCountry "ARG"]
[SourceTitle "The Week in Chess 1273"]
[Source "Mark Crowther"]
[SourceDate "2019.04.01"]
[SourceVersion "1"]
[SourceVersionDate "2019.04.01"]
[SourceQuality "2"]

1. e4 c5 2. Nf3 d6 3. Nc3 Nf6 4. d4 cxd4 5. Nxd4 Nc6 6. Be2 e5 7. Nb3 Be7 8.
O-O O-O 9. Be3 Be6 10. f4 exf4 11. Bxf4 Qb6+ 12. Kh1 Rac8 13. Nd5 Bxd5 14. exd5
Ne5 15. Nd4 Nfd7 16. Bxe5 dxe5 17. Nf5 Bf6 18. Rb1 g6 19. Bg4 Rfd8 20. Nh6+ Kg7
21. Bxd7 Rxd7 22. Ng4 Rd6 23. Qf3 Rxc2 24. Nxe5 Qd4 25. Ng4 h5 26. Ne3 Rd2 27.
Qg3 Rxd5 28. Nxd5 Qxd5 29. Qf3 Qxf3 30. Rxf3 Bxb2 31. a4 b6 32. Re3 Rd7 33. g4
Bf6 34. gxh5 gxh5 35. Rg1+ Kh6 36. Rf3 Bg5 37. Rgf1 f6 38. Kg2 Rd2+ 39. R1f2
Rd4 40. Ra2 Rg4+ 41. Kf2 Rh4 42. h3 Re4 43. Rd3 Rh4 44. Kg2 Rb4 45. Rd7 a5 46.
Rd5 Kg6 47. Rb5 Rxb5 48. axb5 Be3 49. Kf3 Bc5 50. Rc2 a4 51. Rc4 a3 52. Ke4 Kg5
53. Kd3 f5 54. h4+ Kf6 55. Kc2 Ke5 56. Kd3 f4 57. Re4+ Kf5 58. Rc4 Be7 59. Ra4
Bxh4 60. Rxa3 Bf2 61. Ke2 Be3 62. Kf3 h4 63. Ra8 Kg5 64. Rf8 Kg6 65. Rh8 Kg5
66. Rf8 1/2-1/2

[Event "CZE-chT1E 1819"]
[Site "Czech Republic"]
[Date "2019.03.24"]
[Round "10.5"]
[White "Bednar, Jakub"]
[Black "Kubik, Michael"]
[Result "1-0"]
[WhiteElo "2179"]
[BlackElo "2264"]
[PlyCount "71"]
[EventDate "2018.10.21"]
[EventType "team-tourn"]
[EventRounds "11"]
[EventCountry "CZE"]
[SourceTitle "OM OTB B 201907"]
[Source "Opening Master"]
[SourceDate "2019.07.06"]
[SourceVersion "2"]
[SourceVersionDate "2019.07.06"]
[SourceQuality "1"]
[WhiteTeam "Jundrov Jezdci"]
[BlackTeam "Frydek Mistek II"]
[WhiteTeamCountry "CZE"]
[BlackTeamCountry "CZE"]

1. e4 c5 2. Nf3 d6 3. d4 cxd4 4. Nxd4 Nf6 5. Nc3 Nc6 6. Be2 e5 7. Nf3 Be7 8.
O-O O-O 9. Bg5 Be6 10. Bxf6 Bxf6 11. Nd5 Rc8 12. c4 Bg5 13. Nc3 a6 14. b3 Bh6
15. Qb1 f5 16. Rd1 Qe7 17. Nd5 Qf7 18. exf5 Bxf5 19. Bd3 g6 20. Be4 Rce8 21.
Qd3 Nd4 22. Bxf5 Nxf3+ 23. Qxf3 gxf5 24. Ne3 Re6 25. Rd5 Kh8 26. Rad1 Qg6 27.
Qg3 Qf6 28. Qh3 Qg6 29. c5 dxc5 30. Nc4 Bg7 31. Rxc5 e4 32. Rc7 b5 33. Ne3 f4
34. Rdd7 fxe3 35. Rxg7 exf2+ 36. Kf1 1-0

[Event "COL-ch U2000"]
[Site "Pereira"]
[Date "2019.03.23"]
[Round "4"]
[White "Lopez, Jorge Hernan"]
[Black "Manzano Gomez, Valentina"]
[Result "0-1"]
[WhiteElo "1968"]
[BlackElo "1506"]
[PlyCount "146"]
[EventDate "2019.03.21"]
[EventType "swiss"]
[EventRounds "9"]
[EventCountry "COL"]
[SourceTitle "OM OTB B 201907"]
[Source "Opening Master"]
[SourceDate "2019.07.06"]
[SourceVersion "2"]
[SourceVersionDate "2019.07.06"]
[SourceQuality "1"]

1. e4 c5 2. Nf3 Nc6 3. d4 cxd4 4. Nxd4 Nf6 5. Nc3 d6 6. Be2 e5 7. Nb3 Be6 8.
O-O d5 9. Bg5 d4 10. Na4 Be7 11. Bxf6 Bxf6 12. Nac5 Bc8 13. Bc4 b6 14. Bd5 Qd6
15. Nd3 O-O 16. f4 Rb8 17. Bxc6 Qxc6 18. fxe5 Bg5 19. Qf3 Be3+ 20. Kh1 Qxc2 21.
Nb4 Qxb2 22. Rab1 Qc3 23. Nd5 Qc2 24. Nxe3 dxe3 25. Nd4 Qc5 26. Qxe3 Bb7 27.
Rf5 Rbd8 28. Rd1 g6 29. e6 Qb4 30. Rxf7 Rxf7 31. exf7+ Kxf7 32. Rf1+ Kg8 33.
Qf2 Rf8 34. Qxf8+ Qxf8 35. Rxf8+ Kxf8 36. e5 Ke7 37. Kg1 Bd5 38. a3 a6 39. Kf2
b5 40. g3 Bc4 41. Ke3 h6 42. Ke4 Bf1 43. Kd5 Bg2+ 44. Kc5 Kd7 45. Kb6 Bf1 46.
Ka5 Kc7 47. g4 Kb7 48. Ne6 Kc6 49. Nf8 g5 50. Ng6 Kd5 51. Ne7+ Kxe5 52. Nf5 Kf4
53. Nxh6 Bc4 54. Kb6 Kf3 55. Kc5 Kg2 56. Kd4 Kxh2 57. Ke5 a5 58. Nf5 Kh3 59.
Ne3 Be2 60. Kf5 Kh4 61. Ng2+ Kg3 62. Ne3 b4 63. axb4 axb4 64. Kxg5 b3 65. Nd5
b2 66. Nc3 Bxg4 67. Ne4+ Kf3 68. Nd2+ Ke2 69. Nb1 Be6 70. Kf4 Kd3 71. Kf3 Ba2
72. Na3 Kc3 73. Nb5+ Kb4 0-1

[Event "Gran Canaria Cabildo op"]
[Site "Gran Canaria"]
[Date "2019.03.22"]
[Round "4"]
[White "Ruiz Romero, Pedro"]
[Black "Amador Garcia, Ismael"]
[Result "0-1"]
[WhiteElo "1796"]
[BlackElo "2032"]
[PlyCount "72"]
[EventDate "2019.03.12"]
[EventType "swiss"]
[EventRounds "7"]
[EventCountry "ESP"]
[SourceTitle "OM OTB B 201907"]
[Source "Opening Master"]
[SourceDate "2019.07.06"]
[SourceVersion "2"]
[SourceVersionDate "2019.07.06"]
[SourceQuality "1"]

1. e4 c5 2. Nf3 d6 3. d4 cxd4 4. Nxd4 Nf6 5. Nc3 Nc6 6. Be2 e5 7. Nb3 Be7 8.
Be3 O-O 9. Qd2 a5 10. a4 Be6 11. Rd1 Nb4 12. Bf3 Bc4 13. Be2 d5 14. Bxc4 dxc4
15. Qe2 Qc7 16. Nc1 Qc6 17. Bg5 h6 18. Bxf6 Bxf6 19. O-O Rfd8 20. Nb5 Be7 21.
c3 Na6 22. b3 Nc5 23. Qxc4 Nxe4 24. Rxd8+ Rxd8 25. Qe2 Rd2 26. Qf3 Bc5 27. Nd3
Nxc3 28. Nxc5 Ne2+ 29. Kh1 Qxc5 30. h3 Nf4 31. Qxb7 Rxf2 32. Rg1 g6 33. Qa8+
Kg7 34. Qxa5 Qd5 35. Qe1 Rxg2 36. Nc3 Rxg1+ 0-1

[Event "Asian Zonal zt 3.2 2019"]
[Site "Dhaka BAN"]
[Date "2019.03.15"]
[Round "1.15"]
[White "Dr. Ratan, Kumar Paul"]
[Black "Mohammad, J."]
[Result "0-1"]
[WhiteElo "1742"]
[BlackElo "2151"]
[PlyCount "32"]
[EventDate "2019.03.15"]
[EventType "swiss"]
[EventRounds "9"]
[EventCountry "BAN"]
[SourceTitle "The Week in Chess 1271"]
[Source "Mark Crowther"]
[SourceDate "2019.03.18"]
[SourceVersion "1"]
[SourceVersionDate "2019.03.18"]
[SourceQuality "2"]

1. e4 c5 2. Nf3 d6 3. d4 cxd4 4. Nxd4 Nf6 5. Nc3 Nc6 6. Be2 e5 7. Nb3 Be6 8.
Be3 Be7 9. Qd2 O-O 10. O-O a5 11. a4 Nb4 12. f3 Rc8 13. Nc1 d5 14. exd5 Nfxd5
15. Nxd5 Nxd5 16. c3 Nxe3 0-1

[Event "188 No Engine Cup prel-01"]
[Site "corr LSS"]
[Date "2019.03.14"]
[Round "?"]
[White "Stadler, Pavel"]
[Black "Wernitz, Helmut"]
[Result "0-1"]
[WhiteElo "1581"]
[BlackElo "1566"]
[PlyCount "122"]
[EventDate "2019.03.15"]
[SourceTitle "LSS to Dec2020"]
[Source "LSS ed TH"]
[SourceDate "2021.01.12"]
[SourceVersion "3"]
[SourceVersionDate "2021.01.12"]
[SourceQuality "1"]

1. e4 c5 2. Nf3 Nc6 3. d4 cxd4 4. Nxd4 Nf6 5. Nc3 d6 6. Be2 e5 7. Nf3 h6 8. O-O
Be7 9. Re1 Be6 10. Bf1 O-O 11. Nd5 Bxd5 12. exd5 Nb8 13. c4 Nbd7 14. b4 a5 15.
Bd2 axb4 16. Bxb4 Nc5 17. Bxc5 dxc5 18. Nxe5 Bd6 19. Nf3 Qc7 20. h3 g5 21. Qc2
Kg7 22. Rab1 Ra3 23. Rb3 Rfa8 24. Rxa3 Rxa3 25. Rb1 g4 26. hxg4 Nxg4 27. Rb3
Ra8 28. Qb2+ Kg8 29. Rxb7 Rxa2 30. Rxc7 Rxb2 31. Rc6 Bf8 32. d6 Nf6 33. Rxc5
Bxd6 34. Rc8+ Kg7 35. Nd4 Be5 36. Nf5+ Kg6 37. Ne7+ Kg5 38. g3 Bd4 39. Bd3
Bxf2+ 40. Kf1 Bxg3 41. Rc5+ Kg4 42. Rf5 Bh4 43. Nd5 Nxd5 44. cxd5 Rd2 45. Be4
f6 46. d6 Rxd6 47. Rd5 Rb6 48. Rd2 Bg3 49. Kg2 Rb3 50. Bc6 Be5 51. Bd7+ Kg5 52.
Kf1 Rb1+ 53. Kg2 h5 54. Be6 h4 55. Bh3 Rb3 56. Be6 Rg3+ 57. Kf2 h3 58. Rd1 h2
59. Bd5 f5 60. Bh1 Kg4 61. Rb1 Bd4+ 0-1

[Event "9th HD Bank Cup 2019"]
[Site "Ho Chi Minh City VIE"]
[Date "2019.03.11"]
[Round "7.55"]
[White "Shahil, Dey"]
[Black "Nguyen Thi Thanh An"]
[Result "0-1"]
[WhiteElo "2007"]
[BlackElo "2245"]
[PlyCount "134"]
[EventDate "2019.03.07"]
[SourceTitle "OM OTB B 201907"]
[Source "Opening Master"]
[SourceDate "2019.07.06"]
[SourceVersion "2"]
[SourceVersionDate "2019.07.06"]
[SourceQuality "1"]

1. e4 c5 2. Nc3 Nc6 3. Nge2 d6 4. d4 cxd4 5. Nxd4 Nf6 6. Be2 e5 7. Ndb5 a6 8.
Na3 Be6 9. Bg5 Be7 10. Bxf6 Bxf6 11. Nd5 O-O 12. c3 Bg5 13. Nc4 b5 14. Nce3 Ne7
15. Nxe7+ Qxe7 16. Nd5 Qb7 17. h4 Bh6 18. Bf3 Rac8 19. g4 Bxd5 20. Qxd5 Qxd5
21. exd5 Bf4 22. Be2 Rc5 23. Rd1 Rb8 24. Rh3 Kf8 25. b3 Ke7 26. a4 g6 27. axb5
axb5 28. b4 Rc7 29. Ra1 e4 30. Ra5 Rcb7 31. g5 h6 32. gxh6 Bxh6 33. h5 g5 34.
Rh1 Kf6 35. Kd2 Ke5 36. Rha1 Kxd5 37. Ra7 f5 38. Rxb7 Rxb7 39. Ra5 g4+ 40. Kc2
e3 41. fxe3 Ke4 42. Bxb5 Kxe3 43. Bc6 Rc7 44. b5 Bg7 45. h6 Bxh6 46. Bd5 Bg7
47. c4 Bd4 48. Ra6 Rh7 49. Rxd6 Rh2+ 50. Kb3 Rb2+ 51. Ka4 g3 52. Rg6 f4 53. Ka3
Rb1 54. Ka2 Ra1+ 55. Kb3 Kf2 56. Rg4 Be3 57. c5 f3 58. c6 Bb6 59. Rf4 g2 60.
Rxf3+ Ke2 61. Rg3 g1=Q 62. Rxg1 Rxg1 63. Kc3 Ke3 64. Be6 Rc1+ 65. Kb4 Kd4 66.
Bb3 Rb1 67. Ka4 Kc3 0-1

[Event "Goiania Xeque Mate U2200 op 4th"]
[Site "Goiania"]
[Date "2019.03.09"]
[Round "2"]
[White "Franca, Jairo Jr"]
[Black "Labussiere, Yago"]
[Result "0-1"]
[WhiteElo "1832"]
[BlackElo "2068"]
[PlyCount "64"]
[EventDate "2019.03.09"]
[EventType "swiss"]
[EventRounds "5"]
[EventCountry "BRA"]
[SourceTitle "OM OTB B 201907"]
[Source "Opening Master"]
[SourceDate "2019.07.06"]
[SourceVersion "2"]
[SourceVersionDate "2019.07.06"]
[SourceQuality "1"]

1. e4 c5 2. Nf3 Nc6 3. d4 cxd4 4. Nxd4 Nf6 5. Nc3 d6 6. Be2 e5 7. Nf3 h6 8. O-O
Be7 9. Bc4 O-O 10. a3 Be6 11. Bxe6 fxe6 12. Qe2 Rc8 13. Rd1 a6 14. h3 b5 15.
Nb1 Qc7 16. Rd3 d5 17. Nc3 Rfd8 18. Nd2 Nd4 19. Qd1 dxe4 20. Ndxe4 Nxe4 21.
Nxe4 Qxc2 22. Qxc2 Nxc2 23. Rxd8+ Rxd8 24. Rb1 Rd1+ 25. Kh2 Bg5 26. Nxg5 hxg5
27. b3 Nd4 28. a4 Ne2 29. axb5 axb5 30. Ra1 Rxc1 31. Ra8+ Kf7 32. Rb8 Nd4 0-1

[Event "Catalunya-chT Gp2"]
[Site "Barcelona"]
[Date "2019.03.02"]
[Round "7.7"]
[White "Serrat Rifa, Ernest"]
[Black "Villar Reymundo, Juan Antonio"]
[Result "0-1"]
[WhiteElo "2124"]
[BlackElo "2237"]
[PlyCount "36"]
[EventDate "2019.01.19"]
[EventType "team-tourn"]
[EventRounds "7"]
[EventCountry "ESP"]
[SourceTitle "OM OTB B 201907"]
[Source "Opening Master"]
[SourceDate "2019.07.06"]
[SourceVersion "2"]
[SourceVersionDate "2019.07.06"]
[SourceQuality "1"]
[WhiteTeam "Olot"]
[BlackTeam "Barcelona Escacs CC"]
[WhiteTeamCountry "ESP"]
[BlackTeamCountry "ESP"]

1. e4 c5 2. Nf3 Nc6 3. d4 cxd4 4. Nxd4 Nf6 5. Nc3 d6 6. Be2 e5 7. Nb3 Be7 8.
O-O O-O 9. Be3 Be6 10. f4 exf4 11. Rxf4 Nd7 12. Rf2 Nde5 13. Nd5 Bh4 14. g3 Bg5
15. c3 Bxd5 16. Bxg5 Bxb3 17. Qd2 Qa5 18. Raf1 Be6 0-1

[Event "SVK-chT1E 1819"]
[Site "Slovakia"]
[Date "2019.02.24"]
[Round "9.7"]
[White "Lihosith, Peter"]
[Black "Trgina, Daniel"]
[Result "1/2-1/2"]
[WhiteElo "1882"]
[BlackElo "2076"]
[PlyCount "68"]
[EventDate "2018.10.27"]
[EventType "team-tourn"]
[EventRounds "11"]
[EventCountry "SVK"]
[SourceTitle "OM OTB B 201907"]
[Source "Opening Master"]
[SourceDate "2019.07.06"]
[SourceVersion "2"]
[SourceVersionDate "2019.07.06"]
[SourceQuality "1"]
[WhiteTeam "Bardejov"]
[BlackTeam "Banska Bystrica Junior"]
[WhiteTeamCountry "SVK"]
[BlackTeamCountry "SVK"]

1. e4 c5 2. Nf3 d6 3. d4 cxd4 4. Nxd4 Nf6 5. Nc3 Nc6 6. Be2 e5 7. Nb3 Be7 8.
O-O a5 9. Bb5 O-O 10. h3 Be6 11. Be3 d5 12. exd5 Nxd5 13. Nxd5 Bxd5 14. c4 Be6
15. Nc5 Nd4 16. Bxd4 exd4 17. Nxe6 fxe6 18. Qg4 Rf6 19. Rad1 Bc5 20. Qe4 Qc7
21. Rd3 Raf8 22. g3 Qf7 23. f3 Bd6 24. Kg2 Rg6 25. g4 Bc5 26. f4 Rf6 27. Rdf3
Qc7 28. f5 exf5 29. Rxf5 Rxf5 30. Rxf5 Rxf5 31. gxf5 Qd8 32. Qd5+ Qxd5+ 33.
cxd5 Kf7 34. Kf3 Ke7 1/2-1/2

[Event "Santo Domingo Independencia op 8th"]
[Site "Santo Domingo"]
[Date "2019.02.24"]
[Round "8"]
[White "Crispin Ferreras, Darvi Abraham"]
[Black "Abreu Jean, Carlos Paul"]
[Result "0-1"]
[WhiteElo "2166"]
[BlackElo "2346"]
[PlyCount "110"]
[EventDate "2019.02.15"]
[EventType "swiss"]
[EventRounds "8"]
[EventCountry "DOM"]
[SourceTitle "OM OTB B 201907"]
[Source "Opening Master"]
[SourceDate "2019.07.06"]
[SourceVersion "2"]
[SourceVersionDate "2019.07.06"]
[SourceQuality "1"]

1. e4 c5 2. Nf3 d6 3. d4 cxd4 4. Nxd4 Nf6 5. Nc3 Nc6 6. Be2 e5 7. Nf3 h6 8. O-O
Be7 9. h3 Be6 10. Be3 O-O 11. Nh2 d5 12. Nxd5 Nxd5 13. exd5 Qxd5 14. Qxd5 Bxd5
15. c3 f5 16. Rfd1 Be6 17. f3 Rfd8 18. b3 Kf7 19. Nf1 Rdc8 20. Bf2 Ba3 21. Rab1
Ne7 22. c4 Nc6 23. Ne3 Bc5 24. Bd3 g6 25. g4 Nd4 26. Kg2 a5 27. Nd5 Bxd5 28.
cxd5 f4 29. a4 Kf6 30. Re1 Rd8 31. Bxd4 Bxd4 32. Bc4 Rac8 33. h4 Rc5 34. Re2
Rdc8 35. Rd1 Rxc4 36. bxc4 Rxc4 37. Ra2 Ke7 38. Rb1 b6 39. h5 g5 40. Rb5 Kd6
41. Kf1 Rc3 42. Kg2 Rc4 43. Kf1 Bc5 44. Rab2 Rxa4 45. Rxb6+ Bxb6 46. Rxb6+ Kxd5
47. Rxh6 e4 48. fxe4+ Kxe4 49. Kg2 Ra2+ 50. Kh3 Ra3+ 51. Kh2 Kf3 52. Rg6 Kxg4
53. h6 Rh3+ 54. Kg2 Rh5 55. Ra6 a4 0-1

[Event "Arab Cities"]
[Site "Hammamet"]
[Date "2019.02.24"]
[Round "5.1"]
[White "Charfeddine, Akrem"]
[Black "Talbi, Chafik"]
[Result "1/2-1/2"]
[WhiteElo "2006"]
[BlackElo "2288"]
[PlyCount "54"]
[EventDate "2019.02.21"]
[EventType "team-swiss"]
[EventRounds "7"]
[EventCountry "TUN"]
[SourceTitle "OM OTB B 201907"]
[Source "Opening Master"]
[SourceDate "2019.07.06"]
[SourceVersion "2"]
[SourceVersionDate "2019.07.06"]
[SourceQuality "1"]
[WhiteTeam "Sfax"]
[BlackTeam "Alger"]
[WhiteTeamCountry "TUN"]
[BlackTeamCountry "ALG"]

1. e4 c5 2. Nf3 d6 3. d4 cxd4 4. Nxd4 Nf6 5. Nc3 Nc6 6. Be2 e5 7. Nb3 Be7 8.
Be3 O-O 9. O-O a5 10. a3 Be6 11. Bf3 a4 12. Nd2 Ra5 13. b4 Ra8 14. Nd5 Nd4 15.
Bxd4 exd4 16. Nxe7+ Qxe7 17. Be2 Rfc8 18. Bd3 Qc7 19. Re1 Qc3 20. Qe2 Ng4 21.
h3 Ne5 22. f4 Nc4 23. Nxc4 Bxc4 24. f5 f6 25. Bxc4+ Rxc4 26. Red1 Rac8 27. Qd3
Qb2 1/2-1/2

[Event "Catalao op 1st"]
[Site "Catalao"]
[Date "2019.02.09"]
[Round "3"]
[White "Valcarcel, Victor Ignacio Sant"]
[Black "Labussiere, Victor"]
[Result "0-1"]
[WhiteElo "1858"]
[BlackElo "2117"]
[PlyCount "98"]
[EventDate "2019.02.09"]
[EventType "swiss"]
[EventRounds "5"]
[EventCountry "BRA"]
[SourceTitle "OM OTB B 201907"]
[Source "Opening Master"]
[SourceDate "2019.07.06"]
[SourceVersion "2"]
[SourceVersionDate "2019.07.06"]
[SourceQuality "1"]

1. e4 c5 2. Nf3 Nc6 3. d4 cxd4 4. Nxd4 Nf6 5. Nc3 d6 6. Be2 e5 7. Nf3 h6 8. h3
Be6 9. Be3 Be7 10. O-O O-O 11. Qd2 d5 12. exd5 Nxd5 13. Nxd5 Qxd5 14. Rfd1 Qxd2
15. Rxd2 f5 16. Rdd1 f4 17. Bd2 e4 18. Ne1 Bc5 19. Bc3 Rad8 20. a3 Bb6 21. b4
Nd4 22. Bxd4 Bxd4 23. Rac1 Bb2 24. Rb1 Bc3 25. Kf1 Ba2 26. Rxd8 Rxd8 27. Rd1
Rxd1 28. Bxd1 Bc4+ 29. Be2 Bxe2+ 30. Kxe2 Kf7 31. f3 Bxe1 32. Kxe1 e3 33. c4
Ke6 34. Ke2 Ke5 35. Kd3 g5 36. Kc3 Kd6 37. Kd3 Kc6 38. Kc3 Kb6 39. Kd3 a5 40.
Kc3 axb4+ 41. axb4 Kc6 42. Kd4 Kd6 43. Kc3 Ke6 44. Kc2 Ke5 45. Kd3 h5 46. Kc3
e2 47. Kd2 Kd4 48. c5 Kc4 49. Kxe2 Kxb4 0-1

[Event "TUR Cup"]
[Site "Antalya"]
[Date "2019.01.31"]
[Round "7"]
[White "Sar, Can"]
[Black "Buke, Furkan"]
[Result "0-1"]
[WhiteElo "1812"]
[BlackElo "2044"]
[PlyCount "106"]
[EventDate "2019.01.27"]
[EventType "swiss"]
[EventRounds "11"]
[EventCountry "TUR"]
[SourceTitle "OM OTB B 201907"]
[Source "Opening Master"]
[SourceDate "2019.07.06"]
[SourceVersion "2"]
[SourceVersionDate "2019.07.06"]
[SourceQuality "1"]

1. e4 c5 2. Nf3 d6 3. d4 cxd4 4. Nxd4 Nf6 5. Nc3 Nc6 6. Be2 e5 7. Nb3 Be7 8.
Be3 Be6 9. O-O O-O 10. Kh1 d5 11. exd5 Nxd5 12. Nxd5 Bxd5 13. c4 Be6 14. Nc5
Bf5 15. Qxd8 Rfxd8 16. Nxb7 Rdb8 17. Nc5 Rxb2 18. Bf3 Rc8 19. Nb3 Nb4 20. Bc1
Rxa2 21. Rxa2 Nxa2 22. Be3 a6 23. c5 Be6 24. Nd2 Bxc5 25. Bb7 Bxe3 26. Bxc8
Bxd2 27. Bxa6 Bc3 28. f4 exf4 29. Rxf4 g5 30. Re4 Bf6 31. Bc4 Nc3 32. Rxe6 fxe6
33. Bxe6+ Kg7 34. g3 Be5 35. Kg2 Kf6 36. Bc8 Nb5 37. Ba6 Nd4 38. Bd3 h6 39. Kh3
Nf3 40. Be4 Nd2 41. Bd5 Nf1 42. Bf3 Ne3 43. g4 Bf4 44. Bh1 Ke5 45. Be4 Kd4 46.
Bd3 Kc3 47. Be2 Kd2 48. Bf3 Ke1 49. Be2 Kf2 50. Ba6 Kg1 51. Be2 Bb8 52. Bf3
Bxh2 53. Be2 Ng2 0-1

[Event "FICS rated lightning game"]
[Site "FICS freechess.org"]
[Date "2019.01.30"]
[Round "?"]
[White "HappyPawns"]
[Black "Horsian"]
[Result "0-1"]
[WhiteElo "2831"]
[BlackElo "2746"]
[PlyCount "94"]
[EventDate "2019.??.??"]

1. e4 c5 2. Nf3 d6 3. d4 cxd4 4. Nxd4 Nf6 5. Nc3 Nc6 6. Be2 e5 7. Nf3 h6 8. O-O
Be7 9. Bc4 O-O 10. Be3 Bd7 11. a3 a6 12. Qe2 Na5 13. Ba2 Rc8 14. Qd3 Be6 15.
Bxe6 fxe6 16. Bd2 Nc4 17. b3 Nxd2 18. Nxd2 Qc7 19. Ndb1 Qc6 20. a4 d5 21. exd5
exd5 22. Ra2 d4 23. Ne2 Nd5 24. Rb2 Nb4 25. Qg3 Nxc2 26. Rc1 Qe4 27. Nbc3 dxc3
28. Rbxc2 Bh4 29. Qe3 Bxf2+ 30. Qxf2 Rxf2 31. Kxf2 Rf8+ 32. Ke1 Qxg2 33. Rxc3
e4 34. Kd2 Rd8+ 35. Ke1 Qh1+ 36. Kf2 Rf8+ 37. Ke3 Qf3+ 38. Kd2 e3+ 39. Kd1 Qe4
40. Ng3 Rd8+ 41. Ke1 Qg2 42. Rxe3 Qd2+ 43. Kf1 Rf8+ 44. Rf3 Rxf3+ 45. Kg1 Rf2
46. Rc7 Qe1+ 47. Nf1 Qxf1# 0-1

[Event "39th Plunge Open 2019"]
[Site "Plateliai LTU"]
[Date "2019.01.29"]
[Round "1.1"]
[White "Sonis, Francesco"]
[Black "Lian, M."]
[Result "1/2-1/2"]
[WhiteElo "2118"]
[BlackElo "2536"]
[PlyCount "89"]
[EventDate "2019.07.15"]
[EventType "swiss"]
[EventRounds "9"]
[EventCountry "LTU"]
[SourceTitle "The Week in Chess 1265"]
[Source "Mark Crowther"]
[SourceDate "2019.02.04"]
[SourceVersion "1"]
[SourceVersionDate "2019.02.04"]
[SourceQuality "2"]

1. e4 c5 2. Nf3 d6 3. d4 cxd4 4. Nxd4 Nf6 5. Nc3 Nc6 6. Be2 e5 7. Nf3 Be7 8.
Bg5 O-O 9. O-O h6 10. Bxf6 Bxf6 11. Nd5 g6 12. Nxf6+ Qxf6 13. Qd2 Kg7 14. Bc4
Bg4 15. Ne1 Rad8 16. Nd3 Be6 17. Bxe6 Qxe6 18. Nb4 f5 19. exf5 gxf5 20. f4 e4
21. Nd5 Kh7 22. Rad1 Rf7 23. Qe3 Rg8 24. Rf2 Rg6 25. Rfd2 Rfg7 26. Qh3 Rf7 27.
c4 b6 28. Qa3 Na5 29. Qc3 Qc8 30. Ne3 Nb7 31. b4 h5 32. Rd5 Rgf6 33. a3 Qf8 34.
Qe1 Qe8 35. Qh4 Rf8 36. g4 Qg6 37. Kh1 R6f7 38. Rg1 Rg8 39. Nxf5 e3 40. Ng3 Qe6
41. Rxh5+ Kg7 42. Rg5+ Kf8 43. Rxg8+ Kxg8 44. Qg5+ Kf8 45. Re1 1/2-1/2

[Event "13. LSS Anni P-00009"]
[Site "LSS"]
[Date "2019.01.28"]
[Round "3.36"]
[White "Maxion, D."]
[Black "Evchin, M."]
[Result "1/2-1/2"]
[WhiteElo "2262"]
[BlackElo "2490"]
[PlyCount "136"]
[EventDate "2019.04.23"]
[SourceTitle "The Week in Chess 1267"]
[Source "Mark Crowther"]
[SourceDate "2019.02.18"]
[SourceVersion "1"]
[SourceVersionDate "2019.02.18"]
[SourceQuality "2"]

1. e4 c5 2. Nf3 d6 3. d4 cxd4 4. Nxd4 Nf6 5. Nc3 Nc6 6. Be2 e5 7. Nb3 Be7 8.
Be3 Be6 9. O-O O-O 10. Qd2 a5 11. Rad1 a4 12. Nc1 a3 13. b3 Qa5 14. f3 Rfc8 15.
Nd5 Bxd5 16. exd5 Nb4 17. c4 b5 18. Qe1 bxc4 19. bxc4 Qa4 20. Qf2 Rab8 21. Rd2
Bd8 22. Bd1 Qa5 23. Bb3 Bb6 24. Bxb6 Qxb6 25. Ne2 Nd7 26. Nc3 Nc5 27. Nb5 f5
28. Kh1 Nxb3 29. Qxb6 Rxb6 30. axb3 Rxb5 31. cxb5 Rb8 32. Rc1 a2 33. Rdd1 Rxb5
34. Rc8+ Kf7 35. Ra8 e4 36. fxe4 fxe4 37. Kg1 e3 38. Kf1 Rc5 39. Rd4 Rc1+ 40.
Ke2 a1=Q 41. Rxa1 Rxa1 42. Rxb4 Ra2+ 43. Kxe3 Rxg2 44. Rf4+ Kg6 45. Rh4 h5 46.
Re4 Rxh2 47. Re6+ Kf5 48. Rxd6 Rh3+ 49. Ke2 Rxb3 50. Rd8 Kg4 51. d6 Rb2+ 52.
Ke3 g5 53. Rc8 Rb7 54. Rc7 Rb8 55. Rc4+ Kh3 56. Rc5 Kg4 57. d7 Rd8 58. Rd5 h4
59. Kf2 Kh3 60. Kg1 Kg4 61. Kg2 Kf4 62. Kf2 g4 63. Rd4+ Kf5 64. Kg2 Kg5 65. Kf2
Kf5 66. Kg2 Kg5 67. Kf2 Rf8+ 68. Kg2 Rd8 1/2-1/2

[Event "TUR Cup"]
[Site "Antalya"]
[Date "2019.01.28"]
[Round "3"]
[White "Kaplan, Cem Azad"]
[Black "Kisadere, Kutay"]
[Result "0-1"]
[WhiteElo "1602"]
[BlackElo "1809"]
[PlyCount "60"]
[EventDate "2019.01.27"]
[EventType "swiss"]
[EventRounds "11"]
[EventCountry "TUR"]
[SourceTitle "OM OTB B 201907"]
[Source "Opening Master"]
[SourceDate "2019.07.06"]
[SourceVersion "2"]
[SourceVersionDate "2019.07.06"]
[SourceQuality "1"]

1. e4 c5 2. Nf3 Nc6 3. d4 cxd4 4. Nxd4 Nf6 5. Nc3 d6 6. Be2 e5 7. Nb3 Be7 8.
O-O O-O 9. Be3 a5 10. f3 a4 11. Nc1 Be6 12. a3 d5 13. exd5 Nxd5 14. Nxd5 Bxd5
15. Bd3 Nd4 16. Ne2 Ne6 17. Nc3 Bc6 18. Qe2 Nf4 19. Bxf4 exf4 20. Kh1 Bf6 21.
Qd2 Qc7 22. Rab1 Rfd8 23. Ne4 Bd4 24. Qe1 Qe7 25. c3 Be3 26. Rd1 Rd5 27. Bc2
Rh5 28. h3 Qe6 29. Nf2 Bxf3 30. Rd6 Qxh3+ 0-1

[Event "Orbis 3 IM 2019"]
[Site "Paracin SRB"]
[Date "2019.01.20"]
[Round "4.1"]
[White "Fitzsimons, Pat"]
[Black "Dionigi, R."]
[Result "0-1"]
[WhiteElo "1852"]
[BlackElo "2260"]
[PlyCount "52"]
[EventDate "2019.12.03"]
[EventType "tourn"]
[EventRounds "9"]
[EventCountry "SRB"]
[SourceTitle "The Week in Chess 1265"]
[Source "Mark Crowther"]
[SourceDate "2019.02.04"]
[SourceVersion "1"]
[SourceVersionDate "2019.02.04"]
[SourceQuality "2"]

1. e4 c5 2. Nf3 d6 3. d4 cxd4 4. Nxd4 Nf6 5. Nc3 Nc6 6. Be2 e5 7. Nb3 Be7 8.
Be3 O-O 9. O-O a5 10. a4 Be6 11. f3 Nb4 12. Nb5 d5 13. c3 Na6 14. Nd2 Bc5 15.
Bxc5 Nxc5 16. Qc2 dxe4 17. fxe4 Qb6 18. Kh1 Rad8 19. Rad1 Ng4 20. Bxg4 Bxg4 21.
Nf3 Bxf3 22. gxf3 Ne6 23. Rxd8 Rxd8 24. Rd1 h5 25. Rd5 Nf4 26. Rxe5 Qe3 0-1

[Event "OP-04714"]
[Site "LSS"]
[Date "2019.01.19"]
[Round "?"]
[White "Lombardi, Donato"]
[Black "Goreczny, Grzegorz"]
[Result "0-1"]
[WhiteElo "768"]
[BlackElo "2211"]
[PlyCount "94"]
[EventDate "2019.01.13"]
[SourceTitle "LSS to Dec2020"]
[Source "LSS ed TH"]
[SourceDate "2021.01.12"]
[SourceVersion "3"]
[SourceVersionDate "2021.01.12"]
[SourceQuality "1"]

1. e4 c5 2. Nf3 Nc6 3. d4 cxd4 4. Nxd4 Nf6 5. Nc3 d6 6. Be2 e5 7. Nb3 Be7 8.
O-O O-O 9. Bg5 Nxe4 10. Bxe7 Nxc3 11. Bxd8 Nxd1 12. Be7 Nc3 13. Bxf8 Nxe2+ 14.
Kh1 Kxf8 15. Rae1 Nf4 16. g3 Nd5 17. Rd1 Be6 18. Rfe1 a5 19. c4 Nb6 20. c5 Bd5+
21. Kg1 Bxb3 22. axb3 dxc5 23. Rc1 Nd4 24. Rc3 f6 25. Kg2 Nd7 26. h4 h5 27. f4
b6 28. fxe5 Nxe5 29. Kh3 Rd8 30. Kg2 Ke7 31. Kh3 Nf5 32. Rc4 Rd2 33. Rce4 Rxb2
34. Rxe5+ fxe5 35. Rxe5+ Kf6 36. Rd5 Rxb3 37. Rd7 Rxg3+ 38. Kh2 Rg4 39. Rb7
Rxh4+ 40. Kg2 Rb4 41. Kf3 g5 42. Rb8 g4+ 43. Kf2 h4 44. Rf8+ Kg6 45. Rg8+ Kf7
46. Rc8 h3 47. Rh8 g3+ 0-1